000 00569nam a22001817a 4500
003 0
005 20260205161514.0
008 260205b xxu||||| |||| 00| 0 eng d
020 _a971-630-020-4
050 _aM 634.909599
_bBu932 1994
082 _aM 634.909599
_bBu932 1994
100 _aBulalacao, Lolita J.
245 _aA First look at Philippine trees /
_cby Lolita J. Bulalacao.
260 _aMakati City :
_bTahanan Books for Young Readers,
_c1994.
300 _a24 pages :
_bcolored illustrations ;
_c21 cm.
650 _aTrees
_zPhilippines.
942 _2ddc
_cBK
999 _c368831
_d368831